书目信息 |
| 题名: |
全国勘察设计注册公用设备工程师动力专业考试复习教材
|
|
| 作者: | ;全国勘察设计注册工程师公用设备专业管理委员会秘书处 编 | |
| 分册: | ||
| 出版信息: | 北京 机械工业出版社 2004.5 |
|
| 页数: | 1057页 | |
| 开本: | 26cm | |
| 丛书名: | ||
| 单 册: | ||
| 中图分类: | TU99 | |
| 科图分类: | ||
| 主题词: | 公用事业--基础设施--建筑设计--工程师--资格考核--自学参考资料 , 基础设施 , 建筑设计 | |
| 电子资源: | ||
| ISBN: | 7-111-13506-7 | |
| 000 | 00985nam0 2200241 45 | |
| 001 | 012004000000 | |
| 005 | 20050104093258.41 | |
| 010 | @a7-111-13506-7@dCNY 130.00 | |
| 100 | @a20041210d2004 em y0chiy0121 ea | |
| 101 | 0 | @achi |
| 102 | @aCN@b110000 | |
| 105 | @aak z 000yy | |
| 200 | 1 | @a全国勘察设计注册公用设备工程师动力专业考试复习教材@Aquan guo kan cha she ji zhu ce gong yong she bei gong cheng shi dong li zhuan ye kao shi fu xi jiao cai@f全国勘察设计注册工程师公用设备专业管理委员会秘书处编 |
| 210 | @a北京@c机械工业出版社@d2004.5 | |
| 215 | @a1057页@c图, 表格@d26cm | |
| 320 | @a本书含参考文献 | |
| 606 | 0 | @a公用事业@x基础设施@x建筑设计@x工程师@x资格考核@j自学参考资料 |
| 606 | 0 | @a基础设施 |
| 606 | 0 | @a建筑设计 |
| 690 | @aTU99@v4 | |
| 711 | 02 | @a全国勘察设计注册工程师公用设备专业管理委员会秘书处@Aquan guo kan chai she ji zhu ce gong cheng shi gong yong she bei guan li wei yuan hui mi shu chu@4编 |
| 801 | 0 | @aCN@bQSSKxf@c20050104 |
| 905 | @a10447@dTU99@eQ890 | |
| 全国勘察设计注册公用设备工程师动力专业考试复习教材/全国勘察设计注册工程师公用设备专业管理委员会秘书处编.-北京:机械工业出版社,2004.5 |
| 1057页:图, 表格;26cm |
| ISBN 7-111-13506-7:CNY 130.00 |
| ● |
| 相关链接 |
|
|
|
正题名:全国勘察设计注册公用设备工程师动力专业考
索取号:TU99/Q890
 
预约/预借
| 序号 | 登录号 | 条形码 | 馆藏地/架位号 | 状态 | 备注 |
| 1 | 433875 | 204338751 | 建筑库201/201建筑库 122排1列3层/ [索取号:TU99/Q890] | 在馆 | |
| 2 | 433876 | 204338760 | 建筑库201/201建筑库 122排1列3层/ [索取号:TU99/Q890] | 在馆 |